000
00208nam a2200097Ia 4500
008
240331s9999 xx 000 0 und d
082
_b
SIV
100
_a
Sivasekaram, S
245
0
_a
Thamizhum ayalum
942
_c
L
999
_c
3647
_d
3647